[Event "Bogota McGregor op 4th"]
[Site "Bogota"]
[Date "2013.12.08"]
[Round "8"]
[White "Crespo Hidalgo, Carlos"]
[Black "Molina, Roberto Junio Brito"]
[Result "1/2-1/2"]
[WhiteElo "2113"]
[BlackElo "2424"]
[PlyCount "93"]
[EventDate "2013.12.04"]
[EventType "swiss"]
[EventRounds "9"]
[EventCountry "COL"]
[SourceTitle "CBM 157 Extra"]
[Source "ChessBase"]
[SourceDate "2013.12.19"]
[SourceVersion "1"]
[SourceVersionDate "2013.12.19"]
[SourceQuality "1"]

1. d4 d5 2. c4 c6 3. cxd5 cxd5 4. Nc3 Nf6 5. Bf4 Qb6 6. Qc2 Nc6 7. e3 Bf5 8. Bd3 Nb4 9. Qa4+ Bd7 10. Qd1 Nxd3+ 11. Qxd3 Bc6 12. Rb1 Nh5 13. Bg3 Nxg3 14. hxg3 g6 15. Nf3 f6 16. g4 0-0-0 17. b4 Bg7 18. b5 Bd7 19. Nxd5 Qd6 20. Qc4+ Kb8 21. b6 Bc6 22. bxa7+ Kxa7 23. Nc3 Kb8 24. Nb5 Qd5 25. Qa4 Kc8 26. Na7+ Kd7 27. Nxc6 bxc6 28. Rb7+ Ke6 29. Qa7 Qd6 30. Qb6 Ra8 31. e4 Kf7 32. 0-0 Qe6 33. d5 Qxg4 34. Qb3 cxd5 35. exd5 Rhe8 36. Re1 Qa4 37. d6+ Qxb3 38. axb3 Bf8 39. d7 Red8 40. Nd4 Ra6 41. Nb5 e5 42. Rc1 Be7 43. Rcc7 e4 44. g3 Bd6 45. Rc4 e3 46. Nxd6+ Rxd6 47. fxe3 1/2-1/2

[Event "Bogota McGregor op 4th"]
[Site "Bogota"]
[Date "2013.12.08"]
[Round "7"]
[White "Hevia Alejano, Carlos Antonio"]
[Black "Crespo Hidalgo, Carlos"]
[Result "1-0"]
[WhiteElo "2518"]
[BlackElo "2113"]
[PlyCount "73"]
[EventDate "2013.12.04"]
[EventType "swiss"]
[EventRounds "9"]
[EventCountry "COL"]
[SourceTitle "CBM 157 Extra"]
[Source "ChessBase"]
[SourceDate "2013.12.19"]
[SourceVersion "1"]
[SourceVersionDate "2013.12.19"]
[SourceQuality "1"]

1. e4 c6 2. d4 d5 3. e5 Bf5 4. Nf3 e6 5. Be2 Nd7 6. 0-0 h6 7. Nbd2 Ne7 8. Nb3 Bh7 9. Bd2 Nf5 10. a4 a6 11. a5 c5 12. c4 dxc4 13. Bxc4 cxd4 14. Nbxd4 Be7 15. Qa4 Nxd4 16. Nxd4 Bc5 17. Bxe6 Bxd4 18. Bxf7+ Kxf7 19. e6+ Kg8 20. exd7 Bf5 21. Qxd4 Qxd7 22. Qf4 Kh7 23. Bc3 Rad8 24. Rac1 Rhf8 25. Qg3 Rf7 26. Rfe1 Qd3 27. Re3 Qc4 28. h3 Bg6 29. Rce1 Rdd7 30. Re6 Qd3 31. f3 Bf5 32. Re8 Qd6 33. Qh4 Bg6 34. R1e6 Qc5+ 35. Kh2 Qh5 36. Qg3 Qf5 37. Rxg6 1-0

[Event "Panama op 3rd"]
[Site "Panama City"]
[Date "2013.11.04"]
[Round "7"]
[White "Ostos, Julio Eduardo"]
[Black "Crespo Hidalgo, Carlos"]
[Result "1/2-1/2"]
[WhiteElo "2295"]
[BlackElo "2113"]
[PlyCount "71"]
[EventDate "2013.10.30"]
[EventType "swiss"]
[EventRounds "9"]
[EventCountry "PAN"]
[SourceTitle "EXT 2014"]
[Source "ChessBase"]
[SourceDate "2013.11.20"]
[SourceVersion "1"]
[SourceVersionDate "2013.11.20"]
[SourceQuality "1"]

1. e4 c6 2. d4 d5 3. e5 Bf5 4. Nf3 e6 5. Be2 Nd7 6. 0-0 Ne7 7. Nbd2 h6 8. c4 dxc4 9. Nxc4 Nd5 10. Qb3 N7b6 11. a4 Nxc4 12. Bxc4 Qb6 13. Nd2 Qxb3 14. Nxb3 0-0-0 15. Bd2 Nb6 16. Be2 Bc2 17. a5 Nd7 18. Bd1 Bxb3 19. Bxb3 Nxe5 20. a6 Rxd4 21. axb7+ Kxb7 22. Be3 Bc5 23. Ra5 Nd7 24. Bxd4 Bxd4 25. Rd1 c5 26. Rda1 Ra8 27. Bd1 Nb6 28. Bf3+ Nd5 29. R1a4 a6 30. b4 Kb8 31. bxc5 Be5 32. Ra2 Ra7 33. Bxd5 exd5 34. Kf1 d4 35. Ke2 Rd7 36. Rd2 1/2-1/2

[Event "Panama op 3rd"]
[Site "Panama City"]
[Date "2013.10.30"]
[Round "1"]
[White "Davila, Carlos"]
[Black "Crespo Hidalgo, Carlos"]
[Result "1-0"]
[WhiteElo "2334"]
[BlackElo "2113"]
[PlyCount "91"]
[EventDate "2013.10.30"]
[EventType "swiss"]
[EventRounds "9"]
[EventCountry "PAN"]
[SourceTitle "EXT 2014"]
[Source "ChessBase"]
[SourceDate "2013.11.20"]
[SourceVersion "1"]
[SourceVersionDate "2013.11.20"]
[SourceQuality "1"]

1. Nf3 d5 2. c4 c6 3. b3 e6 4. Bb2 f5 5. e3 Nf6 6. h3 Bd6 7. g4 fxg4 8. hxg4 Qe7 9. Nc3 Nxg4 10. Qc2 Qf7 11. Be2 h5 12. cxd5 exd5 13. Nb5 Kd7 14. Nxd6 Kxd6 15. 0-0-0 Bf5 16. Qc3 Nd7 17. Qb4+ Kc7 18. Qf4+ Kc8 19. Nh4 Rf8 20. Ba3 c5 21. d4 Be6 22. Qd6 Ngf6 23. f3 Ne8 24. Qg3 Qf6 25. Ng6 Rg8 26. Rxh5 Nc7 27. e4 Bf7 28. Rg1 Bxg6 29. e5 Qc6 30. Qxg6 cxd4+ 31. Kb1 Qxg6+ 32. Rxg6 b6 33. f4 Kb7 34. Bf3 Nc5 35. Rhg5 Rgf8 36. f5 Rae8 37. Bxc5 bxc5 38. e6 Kb8 39. Bg4 c4 40. Rxg7 Nb5 41. e7 Rh8 42. Rh5 d3 43. bxc4 dxc4 44. f6 Nd6 45. Rxh8 Rxh8 46. f7 1-0

[Event "Bogota McGregor op 3rd"]
[Site "Bogota"]
[Date "2012.12.14"]
[Round "4"]
[White "Crespo Hidalgo, Carlos"]
[Black "Pardo, Javier Andres"]
[Result "1-0"]
[WhiteElo "2113"]
[BlackElo "1953"]
[PlyCount "67"]
[EventDate "2012.12.12"]
[EventType "swiss"]
[EventRounds "9"]
[EventCountry "COL"]
[SourceTitle "EXT 2014"]
[Source "ChessBase"]
[SourceDate "2013.11.20"]
[SourceVersion "1"]
[SourceVersionDate "2013.11.20"]
[SourceQuality "1"]

1. d4 Nf6 2. c4 e6 3. Nc3 Bb4 4. Qc2 c5 5. dxc5 Na6 6. Bd2 Nxc5 7. f3 0-0 8. a3 Bxc3 9. Bxc3 b6 10. b4 Na6 11. e4 Bb7 12. Bd3 h6 13. Ne2 Qe7 14. e5 Ne8 15. 0-0 d6 16. Rad1 Qc7 17. exd6 Nxd6 18. Be5 Rad8 19. Rfe1 f5 20. Nf4 Rfe8 21. Bf1 Qc6 22. Qc3 Rd7 23. b5 Nxb5 24. cxb5 Qxc3 25. Bxc3 Rxd1 26. Rxd1 Nc5 27. Bb4 e5 28. Bc4+ Kh7 29. Bxc5 exf4 30. Bb4 Bc8 31. Kf2 Kg6 32. Rd6+ Kh7 33. Rc6 Rd8 34. Rc7 1-0

[Event "Duran zt 2.3.5"]
[Site "Duran"]
[Date "2012.03.10"]
[Round "8"]
[White "Meza Ponce, Jeison"]
[Black "Crespo Hidalgo, Carlos"]
[Result "1/2-1/2"]
[WhiteElo "2232"]
[BlackElo "2038"]
[PlyCount "98"]
[EventDate "2012.03.05"]
[EventType "swiss"]
[EventRounds "9"]
[EventCountry "ECU"]
[SourceTitle "EXT 2023"]
[Source "ChessBase"]
[SourceDate "2022.10.05"]
[SourceVersion "1"]
[SourceVersionDate "2022.10.05"]
[SourceQuality "1"]

1. e4 c6 2. Nf3 d5 3. Nc3 Bg4 4. h3 Bxf3 5. Qxf3 e6 6. d4 dxe4 7. Nxe4 Qxd4 8. Bd3 Nd7 9. Be3 Qd5 10. Rd1 Ne5 11. Qf4 Qa5+ 12. Nc3 Nxd3+ 13. Rxd3 Nf6 14. 0-0 Be7 15. Bd4 0-0-0 16. a3 Bd6 17. Qe3 Bc7 18. b4 Qf5 19. Bxa7 Rxd3 20. cxd3 Rd8 21. Rd1 Nd5 22. Nxd5 Qxd5 23. Bb6 Qb3 24. Re1 Rxd3 25. Qc5 Qc3 26. Qxc3 Rxc3 27. Bd4 Rxa3 28. Bxg7 Rb3 29. Bf8 e5 30. Re4 Kd7 31. g3 Bd6 32. Bxd6 Kxd6 33. Rh4 Ke6 34. Kf1 Kf6 35. Rxh7 Rxb4 36. h4 c5 37. Ke2 b5 38. Rh6+ Kg7 39. Rb6 Rb3 40. g4 b4 41. h5 c4 42. g5 Rb2+ 43. Ke3 c3 44. h6+ Kh7 45. Rb7 Kg6 46. Rb6+ Kh7 47. Rb7 Kg6 48. Rb6+ Kh7 49. Rb7 Kg6 1/2-1/2

[Event "Guayaquil zt 2.3.5"]
[Site "Guayaquil"]
[Date "2012.03.06"]
[Round "2"]
[White "Harper, Ryan"]
[Black "Crespo Hidalgo, Carlos"]
[Result "0-1"]
[WhiteElo "2253"]
[BlackElo "2038"]
[PlyCount "108"]
[EventDate "2012.03.05"]
[EventType "swiss"]
[EventRounds "9"]
[EventCountry "ECU"]
[SourceTitle "EXT 2013"]
[Source "ChessBase"]
[SourceDate "2012.11.22"]
[SourceVersion "1"]
[SourceVersionDate "2012.11.22"]
[SourceQuality "1"]

1. e4 c6 2. d4 d5 3. Nc3 dxe4 4. Nxe4 Bf5 5. Ng3 Bg6 6. N1e2 Nf6 7. Nf4 e5 8. Nxg6 hxg6 9. Be3 Nbd7 10. Bc4 Bd6 11. Qe2 Qe7 12. 0-0-0 e4 13. f3 exf3 14. Qxf3 Nb6 15. Bg5 0-0-0 16. Bb3 Rde8 17. Kb1 Bc7 18. a3 Kb8 19. Bd2 Qd7 20. Bc1 a6 21. c4 Ng4 22. h3 Nf6 23. d5 cxd5 24. cxd5 Qd6 25. Ne2 Qe5 26. d6 Bxd6 27. Bf4 Qxe2 28. Qxe2 Rxe2 29. Rxd6 Ka7 30. Rhd1 Ne4 31. Rd8 Rxd8 32. Rxd8 a5 33. Bb8+ Ka6 34. Bc2 Nc4 35. Bd3 Rxb2+ 36. Kc1 Ned2 37. Be5 Nb3+ 38. Kd1 Rd2+ 39. Ke1 Rxd3 40. Rxd3 Nc5 41. Rd6+ Nxd6 42. Bxd6 Kb5 43. Kd1 Kc4 44. Kc2 b5 45. Bf8 Ne6 46. Bd6 g5 47. g3 b4 48. axb4 axb4 49. Be7 f5 50. Bd6 f4 51. gxf4 gxf4 52. h4 g6 53. Kb2 f3 54. Bg3 Kd3 0-1

[Event "Guayaquil zt 2.3.5"]
[Site "Guayaquil"]
[Date "2012.03.05"]
[Round "1"]
[White "Crespo Hidalgo, Carlos"]
[Black "Mazara Ruiz, Adan Manuel"]
[Result "1/2-1/2"]
[WhiteElo "2038"]
[BlackElo "2289"]
[PlyCount "41"]
[EventDate "2012.03.05"]
[EventType "swiss"]
[EventRounds "9"]
[EventCountry "ECU"]
[SourceTitle "EXT 2013"]
[Source "ChessBase"]
[SourceDate "2012.11.22"]
[SourceVersion "1"]
[SourceVersionDate "2012.11.22"]
[SourceQuality "1"]

1. d4 Nf6 2. c4 c5 3. d5 b5 4. cxb5 a6 5. b6 d6 6. Nc3 g6 7. e4 Bg7 8. Be2 0-0 9. Nf3 Qxb6 10. 0-0 Bg4 11. Nd2 Bxe2 12. Qxe2 Nbd7 13. a4 Rfb8 14. a5 Qd8 15. f4 Ne8 16. Nc4 Nc7 17. e5 Nb5 18. Re1 Nd4 19. Qd1 Rb4 20. Ra4 Qb8 21. Rxb4 1/2-1/2

[Event "Guayaquil Feda 176 op"]
[Site "Guayaquil"]
[Date "2012.01.22"]
[Round "6"]
[White "Pendolema, Ariel"]
[Black "Crespo Hidalgo, Carlos"]
[Result "0-1"]
[WhiteElo "1598"]
[BlackElo "1979"]
[PlyCount "98"]
[EventDate "2012.01.20"]
[EventType "swiss"]
[EventRounds "7"]
[EventCountry "ECU"]
[SourceTitle "EXT 2014"]
[Source "ChessBase"]
[SourceDate "2013.11.20"]
[SourceVersion "1"]
[SourceVersionDate "2013.11.20"]
[SourceQuality "1"]

1. e4 c6 2. d4 d5 3. exd5 cxd5 4. Bd3 Nc6 5. c3 Nf6 6. Bf4 Bg4 7. Nf3 e6 8. Nbd2 Bd6 9. Bxd6 Qxd6 10. Qc2 Bh5 11. 0-0 Bg6 12. Rfe1 Rc8 13. a3 0-0 14. Bxg6 hxg6 15. Nb3 Ne7 16. Qd2 Ne4 17. Qe2 Qb6 18. Nc1 Qc7 19. Nd3 Nf5 20. Nde5 g5 21. Ng4 Rfe8 22. h3 f6 23. Rad1 a6 24. Ne3 Nfd6 25. Ng4 Qc4 26. Qxc4 Nxc4 27. Re2 Rc6 28. Ne3 b5 29. Nxc4 bxc4 30. Nd2 Nd6 31. Rb1 Kf7 32. f3 Rb8 33. Nf1 Nf5 34. Rc2 Rcb6 35. Kf2 Nh4 36. g3 Ng6 37. Ne3 Rb3 38. a4 Ne7 39. Nf1 Ra3 40. Nd2 Rxa4 41. f4 gxf4 42. gxf4 Ra2 43. Nf1 a5 44. Ng3 a4 45. Ne2 a3 46. Nc1 Raxb2 47. Rcxb2 Rxb2+ 48. Rxb2 axb2 49. Ne2 b1Q 0-1

[Event "Pan American-ch U18"]
[Site "Cali"]
[Date "2011.07.08"]
[Round "9"]
[White "Crespo Hidalgo, Carlos"]
[Black "Barreto, Gary"]
[Result "1-0"]
[WhiteElo "1939"]
[BlackElo "1862"]
[PlyCount "117"]
[EventDate "2011.07.03"]
[EventType "swiss"]
[EventRounds "9"]
[EventCountry "COL"]
[SourceTitle "CBM 143 Extra"]
[Source "ChessBase"]
[SourceDate "2011.08.29"]
[SourceVersion "1"]
[SourceVersionDate "2011.08.29"]
[SourceQuality "1"]

1. d4 d5 2. c4 e6 3. Nc3 Nf6 4. cxd5 exd5 5. Bg5 Be7 6. e3 c6 7. Bd3 Nbd7 8. Qc2 0-0 9. Nf3 h6 10. Bh4 Re8 11. 0-0 Ne4 12. Bxe7 Qxe7 13. Nd2 Ndf6 14. Rab1 Bf5 15. b4 Qd6 16. Ncxe4 dxe4 17. Be2 Nd5 18. Nc4 Qg6 19. g3 Bh3 20. Rfc1 Re6 21. Bf1 Bxf1 22. Rxf1 Qf5 23. Nd2 Rae8 24. Rb3 Qg5 25. b5 Qg4 26. Nc4 Qh3 27. Ne5 f6 28. Nc4 Qf5 29. f3 Qh5 30. f4 cxb5 31. Rxb5 Rc6 32. Qb3 Qe2 33. Rc1 Nc7 34. Rxb7 Kh7 35. Qc2 Qf3 36. Rf1 Qh5 37. Qa4 Ra6 38. Qb3 Nd5 39. Rb5 Rd8 40. Rf2 Rc6 41. Nd2 Rc1+ 42. Rf1 Rxf1+ 43. Nxf1 Qf5 44. a4 Qe6 45. Rc5 Qd6 46. Qc2 f5 47. Qc4 Nb6 48. Qb5 Nd5 49. a5 a6 50. Qc4 Ne7 51. Re5 Rc8 52. Qf7 Ng6 53. Re6 Qb4 54. Qxg6+ Kh8 55. Qxf5 Rf8 56. Qc5 Qb8 57. Re7 Qb3 58. Qe5 Rg8 59. d5 1-0

[Event "Pan American-ch U18"]
[Site "Cali"]
[Date "2011.07.06"]
[Round "5"]
[White "Guerrero Zambrano, Joel"]
[Black "Crespo Hidalgo, Carlos"]
[Result "1-0"]
[WhiteElo "2046"]
[BlackElo "1939"]
[PlyCount "62"]
[EventDate "2011.07.03"]
[EventType "swiss"]
[EventRounds "9"]
[EventCountry "COL"]
[SourceTitle "CBM 143 Extra"]
[Source "ChessBase"]
[SourceDate "2011.08.29"]
[SourceVersion "1"]
[SourceVersionDate "2011.08.29"]
[SourceQuality "1"]

1. e4 c6 2. d4 d5 3. Nd2 dxe4 4. Nxe4 Bf5 5. Ng3 Bg6 6. Nf3 Nd7 7. Bc4 e6 8. 0-0 Ngf6 9. Re1 Be7 10. Qe2 Nd5 11. Bb3 b5 12. c3 Rb8 13. a4 a6 14. axb5 axb5 15. Bd2 0-0 16. Ra7 Bf6 17. Rea1 Re8 18. Ne4 Be7 19. Neg5 Bf6 20. Ne4 Be7 21. h3 h6 22. Ng3 Bd6 23. Ne4 Bc7 24. R7a6 Rb6 25. Nc5 Qc8 26. Ra7 N7f6 27. Be3 Nxe3 28. fxe3 Rb7 29. R7a6 Nd7 30. Rd1 Nb8 31. Ra8 Be4 1-0

[Event "Pan American-ch U20"]
[Site "Duran"]
[Date "2011.06.09"]
[Round "7"]
[White "Crespo Hidalgo, Carlos"]
[Black "Ortiz Ortiz, Francisco"]
[Result "1-0"]
[WhiteElo "1939"]
[BlackElo "1699"]
[PlyCount "69"]
[EventDate "2011.06.05"]
[EventType "swiss"]
[EventRounds "9"]
[EventCountry "ECU"]
[SourceTitle "EXT 2022"]
[Source "ChessBase"]
[SourceDate "2021.10.06"]
[SourceVersion "1"]
[SourceVersionDate "2021.10.06"]
[SourceQuality "1"]

1. d4 Nf6 2. c4 g6 3. Nc3 d5 4. Nf3 Bg7 5. Qb3 dxc4 6. Qxc4 Nc6 7. e4 Bg4 8. Be3 e6 9. Be2 0-0 10. 0-0 a6 11. Rfd1 Qe7 12. Rac1 Rac8 13. a3 Rfd8 14. h3 Bxf3 15. Bxf3 Ne8 16. e5 Na5 17. Qa4 b6 18. Ne4 Qd7 19. Qxd7 Rxd7 20. b4 Nb7 21. Nf6+ Bxf6 22. Bxb7 Rb8 23. Bc6 Rdd8 24. exf6 Nxf6 25. Bg5 Kg7 26. Bf3 Rdc8 27. Bxf6+ Kxf6 28. Rc6 Ke7 29. d5 exd5 30. Rxd5 h5 31. Kh2 f6 32. Rd2 Ra8 33. Re2+ Kd7 34. Rxf6 Ra7 35. Bc6+ 1-0

[Event "Pan American-ch U20"]
[Site "Duran"]
[Date "2011.06.08"]
[Round "6"]
[White "Lozano Cedeno, Jorge"]
[Black "Crespo Hidalgo, Carlos"]
[Result "0-1"]
[WhiteElo "1790"]
[BlackElo "1939"]
[PlyCount "106"]
[EventDate "2011.06.05"]
[EventType "swiss"]
[EventRounds "9"]
[EventCountry "ECU"]
[SourceTitle "EXT 2022"]
[Source "ChessBase"]
[SourceDate "2021.10.06"]
[SourceVersion "1"]
[SourceVersionDate "2021.10.06"]
[SourceQuality "1"]

1. c4 f5 2. Nc3 Nf6 3. d4 g6 4. Nf3 Bg7 5. g3 0-0 6. Bg2 d6 7. 0-0 Nh5 8. Bg5 h6 9. Bc1 e5 10. dxe5 dxe5 11. Qd5+ Qxd5 12. Nxd5 Rf7 13. Rd1 Na6 14. h3 c6 15. Nc3 Be6 16. Nd2 Rd8 17. e4 Rfd7 18. Bf3 Nf6 19. exf5 gxf5 20. Be2 Nb4 21. Nb3 Rxd1+ 22. Nxd1 b6 23. Ne3 c5 24. Bd2 Nc6 25. Bc3 Nd4 26. Bf1 Ne4 27. Kg2 Kf8 28. h4 Nxc3 29. bxc3 Nc6 30. Rd1 Rxd1 31. Nxd1 Ke7 32. f3 Kd6 33. Bd3 e4 34. fxe4 fxe4 35. Bxe4 Ne5 36. Bd5 Bxd5+ 37. cxd5 Kxd5 38. Ne3+ Ke4 39. Kf2 c4 40. Nd4 Kd3 41. Nd5 Ng4+ 42. Kf3 Nh2+ 43. Kf2 Bxd4+ 44. cxd4 Kxd4 45. Ne3 Kd3 46. g4 c3 47. Nd5 Nxg4+ 48. Kf3 Ne5+ 49. Kf4 Ng6+ 50. Kg4 Nxh4 51. Kxh4 c2 52. Nb4+ Kc3 53. Nxc2 Kxc2 0-1